000 00625nam a2200181Ia 4500
008 100920s9999 xx 000 0 und d
082 _b39087
_a24 थ 75
100 _aमहाजन जगन्नाथ भ.
245 _aजलराक्षस आणि जलपरी.
260 _bश्रीराम प्रकाशन मुंबई-2.
_c1975
300 _a32
_bसाधी
365 _b0.8
520 _aसायो.
630 _aजलराक्षस आणि जलपरी.
650 _aसायो.
730 _aजलराक्षस आणि जलपरी.
942 _cBOOK
999 _c690909
_d690906